Tippoo Sultaun: A Tale of The Mysore War (Record no. 20937)

MARC details
000 -LEADER
fixed length control field 00357nam a22001457a 4500
020 ## - INTERNATIONAL STANDARD BOOK NUMBER
ISBN 978-81-291-4448-5
082 ## - DEWEY DECIMAL CLASSIFICATION NUMBER
Classification number 954.0258 TAY
100 ## - MAIN ENTRY--AUTHOR NAME
Author name Taylor, Colonel Meadows
245 ## - TITLE STATEMENT
Title Tippoo Sultaun: A Tale of The Mysore War
260 ## - PUBLICATION, DISTRIBUTION, ETC. (IMPRINT)
Place of publication New Delhi
Name of publisher Allied Publishers
Year of publication 1976
300 ## - PHYSICAL DESCRIPTION
Number of Pages 667
650 ## - SUBJECT ADDED ENTRY--TOPICAL TERM
Topical Term Tipu Sultan
942 ## - ADDED ENTRY ELEMENTS (KOHA)
Koha item type Books
Holdings
Home library Current library Shelving location Date acquired Source of acquisition Cost, normal purchase price Full call number Accession Number Koha item type
Henry Martyn Institute Library Henry Martyn Institute Library General stacks 04/26/2018 Flipkart 395.00 954.0258 TAY 25488 Books
                   Copyright © 2026 | Henry Martyn Institute | Hyderabad | TS-500052 | INDIA | Implemented by hmi.edu.in
Hit-Count:

Powered by Koha